000 00433nam a2200181Ia 4500
001 7722
005 20260306160516.0
008 260306t2002||||xx |||||||||||||| ||spa||
041 _aESP
082 _aS 355.02
_bQ34
100 _aQuero Rodiles, Felipe
_eAUT
245 0 _aHacia una teoría de la estrategia
260 _c2002
300 _a270 páginas :
_c21 cm.
650 _aGEN
654 _aCHU
942 _cLIB
_dJUS
_fJUS
_2ddc
_n
999 _c7722
_d7722